=LDR 00000nam 2200000 4500 =001 INLIS000000000055219 =005 20200317010606 =035 ##$$a 0010-0320000326 =007 ta =008 200317###########################0#ind## =020 ##$$a 978-602-407-168-4 =082 ##$$a 658.151 =084 ##$$a 658.151 Joh j =245 1#$$a Jangan biarkan gaji numpang lewat /$c John Afifi =250 ##$$a Cet. 1 =300 ##$$a 192 halaman ; $c 20 Cm =700 #$$a Editor, Jonas ahwani =504 ##$$a Bibliografi : halaman 189-190 =600 #4$$a Keuangan - Manajemen =264 ##$$a Yogyakarta :$b Laksana,$c 2017 =336 ##$$a Teks$2 rdacontent =337 ##$$a lain-lain$2 rdamedia =338 ##$$a lain-lain$2 rdacarrier =990 ##$$a 06340634 =990 ##$$a 06340634